Wanderings in some of the western republics of America. With remarks upon the cutting of the great ship canal through Central America.
Saved in:
| Main Author: | |
|---|---|
| Format: | Book |
| Language: | English |
| Published: |
London, England, United Kingdom
John W. Parker.
1850
|
| Subjects: | |
| Tags: |
Add Tag
No Tags, Be the first to tag this record!
|
MARC
| LEADER | 00000nam a2200000 a 4500 | ||
|---|---|---|---|
| 001 | UCJ3563 | ||
| 003 | CL-VaPUC | ||
| 005 | 20250227100112.0 | ||
| 008 | 070124e18500000UK |||||||||||||||||eng|d | ||
| 999 | |c 319685 |d 319683 | ||
| 040 | |c Pontificia Universidad Católica de Valparaíso | ||
| 082 | 0 | 4 | |a 910.4 BYA 1850 |2 21 |
| 100 | 0 | |a Byam, George |9 505506 | |
| 245 | 1 | 0 | |a Wanderings in some of the western republics of America. With remarks upon the cutting of the great ship canal through Central America. |
| 260 | 0 | 3 | |a London, England, United Kingdom |b John W. Parker. |c 1850 |
| 300 | |a 264 páginas. | ||
| 500 | |a Front., vista de Chagres; un mapa de la zona en la que primitivamente se pensaba abrir el Canal de Panamá; ilus. p. 20 y 121; algunas notas marginales manuscritas | ||
| 583 | |a last modification |c 20070124 00:00:00 |k Rodrigo Vera | ||
| 650 | 0 | |a Viajes |9 257115 | |
| 650 | 0 | |a Geografía |9 259346 | |
| 650 | 7 | |a FAUNA |2 CL-VaPUC |9 349523 | |
| 650 | 7 | |a PUMAS |2 CL-VaPUC |9 505507 | |
| 650 | 7 | |a CONDORES |2 CL-VaPUC |9 505508 | |
| 650 | 7 | |a CHINCHILLAS |2 CL-VaPUC |9 505509 | |
| 650 | 0 | |a Antropología |9 233030 | |
| 650 | 0 | |a Aborígenes |9 329972 | |
| 650 | 0 | |a Recursos naturales |9 255232 | |
| 650 | 0 | |a Minería |9 326008 | |
| 650 | 0 | |a Agricultura |9 255598 | |
| 650 | 0 | |a Ganadería |9 264177 | |
| 650 | 7 | |a CABALLO CHILENO |2 CL-VaPUC |9 505510 | |
| 650 | 0 | |a Cultura |9 269059 | |
| 650 | 0 | |a Administración |9 259325 | |
| 650 | 0 | |a Educación |9 258661 | |
| 650 | 0 | |a Mujeres |9 257649 | |
| 650 | 7 | |a TIPOS HUMANOS |2 CL-VaPUC |9 504574 | |
| 650 | 7 | |a HUASOS |2 CL-VaPUC |9 505511 | |
| 650 | 0 | |a Araucanos |9 314060 | |
| 650 | 7 | |a TRADICIONES |2 CL-VaPUC |9 367367 | |
| 650 | 0 | |a Clima |9 265281 | |
| 650 | 0 | |a Mapas |9 260844 | |
| 650 | 0 | |a Ilustraciones |9 369481 | |
| 651 | 0 | |a Perú |9 256567 | |
| 651 | 0 | |a Ecuador |9 258378 | |
| 651 | 7 | |a CANAL DE PANAMA |2 CL-VaPUC |9 382034 | |
| 651 | 0 | |a Valparaíso, Chile |z CHILE |9 261144 | |
| 942 | |c BK |2 ddc | ||
| 945 | |d 20070124 00:00:00 |a rinostro | ||
| 952 | |0 0 |1 0 |2 ddc |4 0 |6 910_400000000000000_BYA_1850 |7 0 |8 X |9 398047 |a FDOBUD |b FDOBUD |d 2019-11-22 |i 1005464 |o 910.4 BYA 1850 |p 1005464 |r 2019-11-22 |t 1 |w 2019-11-22 |y BK_X |k BUD | ||